Statistiken für Städte und Gemeinden Landkreis Nordsachsen

Klicken Sie hier um das Quiz zu spielen!

Allgemein

  • Dieses Quiz wurde 2 mal gespielt
  • Das Durchschnittsergebnis liegt bei 15 aus 30

Antwortstatistiken

Einwohner:innenzahlKommune% Korrekt
25.244Delitzsch
100%
16.031Eilenburg
100%
5480Rackwitz
100%
19.802Torgau
100%
1848Arzberg
50%
7880Bad Düben
50%
4049Beilrode
50%
7577Belgern-Schildau
50%
2161Cavertitz
50%
4171Dahlen
50%
4090Doberschütz
50%
2400Dommitzsch
50%
2133Dreiheide
50%
1378Elsnig
50%
3074Jesewitz
50%
4155Krostitz
50%
3536Laußig
50%
2937Liebschützberg
50%
5011Mockrehna
50%
2200Naundorf
50%
14.185Oschatz
50%
19.189Schkeuditz
50%
15.816Taucha
50%
1278Trossin
50%
5239Wermsdorf
50%
2126Löbnitz
0%
5792Müglen
0%
2685Schönwölkau
0%
5436Wiedemar
0%
2911Zschepplin
0%

Verteilung der Resultate

Perzentil nach korrekt beantworteten Fragen

Anzahl Personen mit jedem Resultat

Ihre Resultats-Entwicklung

Sie haben dieses Quiz noch nicht gespielt